L'Enseignement de la gymnastique dans l'armée / (Record no. 52699)

MARC details
000 -LEADER
campo de control de longitud fija 00462nam a2200157 i 4500
001 - NÚMERO DE CONTROL
campo de control 52699
003 - IDENTIFICADOR DE NÚMERO DE CONTROL
campo de control ES-MaACL
005 - FECHA Y HORA DE LA ÚLTIMA TRANSACCIÓN
campo de control 20230906162629.0
007 - CAMPO FIJO DE DESCRIPCIÓN FÍSICA--INFORMACIÓN GENERAL
campo de control de longitud fija t|
008 - DATOS DE LONGITUD FIJA--INFORMACIÓN GENERAL
campo de control de longitud fija 030903q1905 fr ||||1| fre d
100 1# - ENTRADA PRINCIPAL--NOMBRE DE PERSONA
Nombre de persona Debax, Félix-Lucien-Roger.
9 (RLIN) 160458
245 12 - MENCIÓN DEL TÍTULO
Título L'Enseignement de la gymnastique dans l'armée /
Mención de responsabilidad, etc. Capitaine Debax.
260 ## - PUBLICACIÓN, DISTRIBUCIÓN, ETC.
Lugar de publicación, distribución, etc. Paris :
Nombre del editor, distribuidor, etc. H. Charles-Lavauzelle,
Fecha de publicación, distribución, etc. [1905?]
300 ## - DESCRIPCIÓN FÍSICA
Extensión 100 p. :
Otras características físicas il. ;
Dimensiones 22 cm.
852 ## - LOCALIZACIÓN
Ubicación ES-MaACL
Número de control de estantería B-12492
Holdings
Estatus retirado Estado de pérdida Estado de daño No para préstamo Biblioteca de origen Biblioteca actual Ubicación en estantería Fecha de adquisición Fuente de adquisición Total de préstamos Signatura topográfica completa Código de barras Visto por última vez Precio de reemplazo Tipo de ítem Koha
        Biblioteca del Ateneo de Madrid Biblioteca del Ateneo de Madrid Sala Pardo Bazán 17/01/2008     B-12492 1055387 23/02/2023 23/02/2023 Libro impreso